[Event "CRO-chT2 Center"]
[Site "Zagreb"]
[Date "2005.05.15"]
[Round "5.5"]
[White "Ranogajec, Vlado"]
[Black "Sliepcevic, Mladen"]
[Result "0-1"]
[WhiteElo "2115"]
[BlackElo "2197"]
[PlyCount "68"]
[EventDate "2005.04.03"]
[EventType "team-tourn"]
[EventRounds "11"]
[EventCountry "CRO"]
[SourceTitle "EXT 2007"]
[Source "ChessBase"]
[SourceDate "2006.11.23"]
[SourceVersion "1"]
[SourceVersionDate "2006.11.23"]
[SourceQuality "1"]

1. d4 f5 2. c4 Nf6 3. Nc3 d6 4. Nf3 g6 5. b3 Bg7 6. Bb2 0-0 7. e3 Qe8 8. d5 Na6 9. Be2 Bd7 10. Qd2 c6 11. 0-0 h6 12. Nd4 Qf7 13. Bf3 Rac8 14. Rfe1 Nc5 15. Nde2 Nfe4 16. Bxe4 fxe4 17. Ng3 cxd5 18. Nxd5 Bxb2 19. Qxb2 Nd3 20. Qd2 Nxe1 21. Rxe1 Bc6 22. Nxe4 Bxd5 23. cxd5 Rc7 24. f3 Rfc8 25. a4 Rc2 26. Qd3 Qg7 27. Rf1 Qb2 28. Nf2 Kf7 29. Qe4 Qe5 30. Qh4 Qxe3 31. f4 Rc1 32. g3 R8c2 33. g4 Qf3 34. Qh3 Qxf2+ 0-1

[Event "CRO-chT2 Center"]
[Site "Zagreb"]
[Date "2005.04.24"]
[Round "3.4"]
[White "Kuljasevic, Davorin"]
[Black "Ranogajec, Vlado"]
[Result "1-0"]
[WhiteElo "2431"]
[BlackElo "2115"]
[PlyCount "57"]
[EventDate "2005.04.03"]
[EventType "team-tourn"]
[EventRounds "11"]
[EventCountry "CRO"]
[SourceTitle "EXT 2007"]
[Source "ChessBase"]
[SourceDate "2006.11.23"]
[SourceVersion "1"]
[SourceVersionDate "2006.11.23"]
[SourceQuality "1"]

1. d4 d5 2. c4 c6 3. Nf3 Nf6 4. Nc3 e6 5. e3 Be7 6. Qc2 0-0 7. Bd3 dxc4 8. Bxc4 Nd5 9. 0-0 Nd7 10. Rd1 N7b6 11. Be2 Bf6 12. e4 Nxc3 13. bxc3 g6 14. e5 Be7 15. Bh6 Re8 16. Nd2 Nd7 17. Ne4 f5 18. exf6 Nxf6 19. Ng3 Qc7 20. h4 e5 21. h5 gxh5 22. Nxh5 Be6 23. Ng7 Bf7 24. Nxe8 Rxe8 25. Rd3 Bf8 26. Rg3+ Kh8 27. Qf5 Ng8 28. Bxf8 Rxf8 29. Bd3 1-0